000 00483nam a2200193Ia 4500
008 191119s9999 xx 000 0 und d
020 _a978-621-406-165-5
050 _aFIL JZ 1318
050 _b.C66 2018
245 4 _aThe Contemporary world /
245 0 _cRodolfo M. Martinez… [et al].
260 _aPhilippines :
260 _bMindshapers,
260 _c2018
300 _a384 pages :
300 _c26 cm.
650 _aGlobalization.
650 _xWorld economics.
999 _c363142
_d363142